[Event "Sofia MTel Masters 5th"]
[Site "Sofia"]
[Date "2009.05.23"]
[Round "10"]
[White "Shirov, Alexei"]
[Black "Carlsen, Magnus"]
[Result "1-0"]
[WhiteElo "2745"]
[BlackElo "2770"]
[Annotator "Rogozenco,Dorian"]
[PlyCount "59"]
[EventDate "2009.05.13"]
[EventType "tourn"]
[EventRounds "10"]
[EventCountry "BUL"]
[EventCategory "21"]
[SourceTitle "CBM 131"]
[Source "ChessBase"]
[SourceDate "2009.07.15"]
[SourceVersion "1"]
[SourceVersionDate "2009.07.15"]
[SourceQuality "1"]

{[%mdl 2]} 1. e4 c5 2. Nf3 Nc6 3. d4 cxd4 4. Nxd4 Nf6 5. Nc3 e5 6. Ndb5 d6 7. Bg5 a6 8. Na3 b5 9. Bxf6 gxf6 10. Nd5 Bg7 11. Bd3 Ne7 12. Nxe7 Qxe7 13. c4 f5 14. O-O O-O 15. Qh5 {This used to be the main variation in the line 10...g7. However, in the past decade 15.h5 has been almost completely overshadowed by 15.f3.} Rb8 16. exf5 e4 17. Rae1 Bb7 18. Qg4 Rfe8 19. cxb5 d5 20. bxa6 Bc6 21. b3 {A rare move, which after this game might bring new life into the entire 15.h5 variation. Shirov is not afraid to give his opponent attacking possibilities. Such a materialistic approach needs to be supported by deep home analysis.} (21. f3 {is considered to lead to equality after} h5) (21. a7 Rxb2 {is also not problematic for Black.}) 21... Kh8 $146 {Although this plan didn't work in the present game, it is difficult to believe that White's queenside pawns are worth more than Black's attacking prospects on the kingside and the strong pawn centre.} (21... h5 22. Qg3 Kf8 23. Nb1 $6 Be5 24. f4 Bf6 25. Qf2 $6 Qb4 $1 26. a3 Qd4 $17 {0-1 Koch,J (2453)-San Emeterio Cabanes,J (2392)/Le Port Marly 2009 (38)}) (21... Bd7 22. a7 Rb7 23. Nc4 $1 Rd8 24. Ne3 exd3 25. Nxd5 Qd6 26. Qg5 $2 (26. Qh4 Bxf5 (26... Bb5 27. f6 $18) 27. Ne7+ Rxe7 28. Qxe7 $14) 26... f6 27. Qg4 Bc6 $17 {0-1 Fier,A (2526)-Cordova,E (2477)/Buenos Aires 2007 (43)}) (21... Qxa3 $2 22. f6 Qf8 23. Be2 $18) 22. Nc2 Be5 23. Be2 d4 ({Not} 23... Rg8 24. Qh5 Rg5 25. Qh6 f6 26. Rd1 {[%cal Gc2d4,Gc2e3]} Qc5 27. Ne3 Rbg8 28. Rc1 Qb6 29. g3 $16 {/+-}) 24. Bc4 Rg8 25. Qh3 (25. Qh5 {can lead to the same position as in the game:} Rg7 ({Besides, Black has an additional possibility} 25... e3 26. g3 Qd6 27. Qh4 Ba8 $44) 26. g3 Rbg8 27. Qh6 (27. a3 e3 28. Nxe3 dxe3 29. Rxe3 Qf6 $13)) 25... Rg7 ({A reasonable alternative is} 25... e3 {Then after} 26. g3 Qd6 (26... Qc5 27. Qh4 $16) {the strongest for White is} 27. Rd1 $1 (27. Bxf7 Rg7 28. Bc4 exf2+ 29. Kxf2 d3 $36) (27. Nxe3 dxe3 28. Rxe3 Bd4 $13) 27... exf2+ 28. Kxf2 Be4 29. Ne1 $1 {Black has compensation, but it is not clear whether it's enough.}) 26. g3 Rbg8 27. Qh6 {The critical position for the evaluation of 21...h8.} Qc7 $146 {Up till now Carlsen played all logical moves, but now he goes wrong. The point is that the sacrifices on g3 don't work out for Black and therefore 27...c7 is useless. Now Shirov can transfer the knight to d5 with tempo, decisively improving White's position.} ({After} 27... Ba8 {Black has visible compensation, especially from the "human" point of view. Nevertheless with accurate "computer" moves White can defend and remain with slightly better prospects.} 28. Rd1 (28. a3 {[%cal Gc2b4]} Rg5 $5 (28... e3 29. Nxe3 $1 dxe3 30. Qxe3 Re8 31. f4 Bf6 32. Qxe7 Rxe7 33. Rxe7 Bxe7 34. b4 $18) (28... Qc5 $44) 29. Rd1 (29. Qh3 e3 $40 30. f4 $140 Rg4 31. fxe5 Rh4 $1 $19) (29. f4 exf3 30. Rf2 (30. Kf2 $2 Rxg3 $19) 30... Qc7 31. Kf1 (31. Kh1 $2 Bxg3 32. Re8 Bf4 33. Qf6+ R5g7 34. Rxg8+ Kxg8 35. Qxd4 Rg2 $19) 31... Bxg3 32. Re8 Rxe8 (32... Bf4 33. Qf6+ R5g7 34. Rxg8+ Kxg8 35. Qxd4 $16) 33. Qxg5 Bxf2 34. Qf6+ Kg8 35. Qg5+ $11) 29... e3 $40) 28... Qc5 $5 (28... e3 29. Nxe3 $1 dxe3 30. f6 $1 (30. Qxe3 Bxg3 31. hxg3 Rxg3+ 32. Qxg3 Qh4 33. Bd5 $11) 30... Bxf6 31. Qxe3 Qc7 32. Bd5 Qa5 33. Bb7 Bxb7 34. axb7 Qc7 35. Qe4 Rb8 36. Qf5 Rg6 37. Rd7 Qc6 38. Rxf7 Rxb7 39. Rxb7 Qxb7 $14) 29. Rfe1 ({Worse is} 29. Rc1 e3 30. Ne1 Bd6 $44 {[%cal Gc5f5]}) 29... e3 30. Kf1 $1 {The best defence against the sacrifice on g3.} (30. Nxe3 dxe3 31. Qxe3 Bxg3 $1 32. Qxc5 Bd6+ 33. Kf1 Bxc5 $15) 30... Rg5 (30... Bxg3 31. hxg3 Rxg3 32. fxg3 Qxf5+ {doesn't work in view of} 33. Qf4 $18) 31. Nxe3 dxe3 32. Rd8 $1 e2+ 33. Rxe2 Rxd8 34. Qxg5 Rd1+ 35. Re1 Rxe1+ 36. Kxe1 Qd4 37. Qe3 $14) ({RR} 27... Ba8 28. a3 e3 29. Nxe3 dxe3 30. Qxe3 Qh4 31. Qxe5 f6 32. Qd6 Rc8 33. Bd5 {1-0 (33) Naranjo Moreno,A (2290)-Anaya Lopez,V (2157) Malaga 2010}) 28. Nb4 {Immediately exploiting the fact that the b4-square is no longer controlled by the opponent's queen. As the result Black loses the e4-pawn and the long diagonal remains closed. Suddenly White is easily winning.} Ba8 (28... Bxg3 {is answered by the cool} 29. fxg3 Rxg3+ 30. Kh1 {and it's over for Black.}) 29. Nd5 Qd8 (29... Qd7 30. Rxe4 Qxf5 31. Qh4 d3 32. Re3 $18) (29... Bxd5 30. Bxd5 e3 {creates no threats at all, since the control over diagonal a8-h1 secures White's defence against any threats on the g-file.} 31. Qc6 $18) 30. Rxe4 (30. Rxe4 f6 31. Rxe5 fxe5 32. Nf6 Rf8 33. Nh5 Ra7 34. f6 $18 {[%cal Gh6g7]}) 1-0

[Event "Dortmund SuperGM 37th"]
[Site "Dortmund"]
[Date "2009.07.02"]
[Round "1"]
[White "Carlsen, Magnus"]
[Black "Jakovenko, Dmitrij"]
[Result "1-0"]
[WhiteElo "2772"]
[BlackElo "2760"]
[Annotator "Mueller,Karsten"]
[PlyCount "97"]
[EventDate "2009.07.02"]
[EventType "tourn"]
[EventRounds "10"]
[EventCountry "GER"]
[EventCategory "20"]
[SourceTitle "CBM 131"]
[Source "ChessBase"]
[SourceDate "2009.07.15"]
[SourceVersion "1"]
[SourceVersionDate "2009.07.15"]
[SourceQuality "1"]

1. e4 e5 2. Nf3 Nc6 3. Bb5 Nf6 4. O-O Nxe4 5. d4 Nd6 6. Bxc6 dxc6 7. dxe5 Nf5 8. Qxd8+ Kxd8 9. Nc3 Ke8 10. h3 h5 {A lot has been tried at this point: An dieser Stelle wurde schon sehr viel probiert.} (10... a5 {has been the most frequently played move, followed by wird am häufigsten gespielt, gefolgt von}) (10... Be7 {and und}) (10... Ne7) 11. Ne2 Be7 12. Bg5 Be6 13. Nf4 Bd5 14. Bxe7 Kxe7 15. Ng5 Nd4 16. Rad1 Ne6 17. Ngxe6 Bxe6 {Objectively speaking, the position should still be drawish, but in practice White has certainly the better chances because of his slight strategic initiative.  Objektiv sollte die Stellung innerhalb der Remisbreite sein, aber in der Praxis hat Weiß sicher auf grund seiner leichten strategischen Initiative die besseren Chancen.} 18. h4 a5 19. a3 a4 20. Rfe1 g6 21. f3 Ra5 22. c3 Rb5 23. Re2 Ra8 24. Rd4 Raa5 25. Kf2 Rxe5 26. Rxe5 Rxe5 27. Rxa4 Rb5 28. b4 $146 ({RR} 28. Rb4 Bc8 29. Ke3 Kd6 30. Rxb5 cxb5 31. Nd3 Kd5 {½-½ (31) Safarli,E (2629)-Alekseev,E (2701) Moscow 2011}) 28... c5 29. Ra7 cxb4 30. cxb4 Kd7 $2 {Jakovenko wastes valuable time, because his king ends up going to d6 any way. Jakovenko verliert wertvolle Zeit, weil sein König letztlich doch nach d6 zieht.} (30... Bc4 {intending mit der Idee} 31. Ke3 Kd6 {(Lilov auf chessbase.com) nebst c7 ist aktiver und remisiert leicht, z.B. (Lilov auf chessbase.com) and then c7 is more active and draws easily, e.g.} 32. Kd4 (32. Ra8 c5 33. Rc8 b6 34. Kd2 Kd7 $11) 32... Rf5 33. g3 Bf1 $11 {because denn} 34. Rxb7 $2 {runs into läuft in} g5 35. hxg5 h4) 31. Ne2 Rb6 32. Ke3 Bc4 33. Nd4 Kd6 34. Ra5 Ra6 $2 {Without the rook Black does not have the counterplay.the side with the knight is always aiming for complete control, so that the slower manoeuvres of the knight can be executed. In addition rook endings have a very high drawing tendencey and the defensive possibility of liquidating to a rook ending is now lost. Ohne den Turm fehlt Schwarz das Gegenspiel. Die Springerpartei strebt ja stets nach voller Kontrolle, damit das langsamere Manövrieren des Speingers durchgeführt werden kann. Außerdem haben Turmendspiele eine recht hohe Remisbreite und die Verteidigungsmöglichkeit einer Abwicklung ins Turmendspiel fällt nun weg.} (34... Be6 {offered better drawing chances, e.g. bot bessere Remischancen, z.B.} 35. Kf4 Kd7 36. Rb5 (36. Kg5 Rd6) (36. g4 hxg4 37. fxg4 Rd6 38. Nxe6 Kxe6) 36... Rd6 37. Nxe6 Rxe6 38. a4 (38. Rxb7 Ra6) 38... b6) 35. Rxa6+ bxa6 36. g4 hxg4 $2 {The passed white h-pawn which comes about now will decide the day, because, for example, it can be used bring about the advantageous exchange of all the kingside pawns. Der nun entstehende weiße h-Freibauer wird den Tag entscheiden, weil er unter anderem dazu genutzt werden kann, die gesamten Königsflügelbauern vorteilhaft abzutauschen.} (36... Ke5 {was the final chance. In any case, White ought now to have good winning chances. war die letzte Chance. Allerdings sollte Weiß nun ohnhin gute Gewinnaussichten haben.}) 37. fxg4 Ke5 (37... c5 38. bxc5+ Kxc5 39. h5 gxh5 40. gxh5 f6 41. h6 Bg8 42. Ne6+ Kc4 43. Nf8 Kb3 44. Kf4 Kxa3 45. Nd7 Bh7 46. Nxf6 Bg6 47. Kg5 Bb1 48. Nd7 a5 49. Nf8 a4 50. Ng6 $18) 38. Nc6+ Kf6 (38... Kd6 39. h5 $18) 39. Kf4 Ke6 40. h5 gxh5 41. gxh5 Bd3 $6 ({The attempt to set up a barrier with Der Versuch mittels} 41... f6 {was more stubborn, but in the long run it diod not help either, because White can exchange the kingside pawns as in the game: eine Barriere zu errichten war zäher, hilft aber letzlich ebenfalls nicht, weil Weiß wie in der Partie die Königsflügelbauern abtauschen kann:} 42. Nd8+ Ke7 43. h6 Bd3 (43... Kf8 44. Kf5 Ke7 45. Ke4 Kf8 46. Kd4 $18) 44. Nb7 $1 {White must transfer the knight to the kingside at once. An over-hasty penetration by the king Weiß muss den Springer unverzüglich zum Königsflügel bringen. Das voreilige Eindringen mit dem König} (44. Ke3 $6 Bf5 45. Nb7 $2 {loses control: verliert die Kontrolle:} Kf7 46. Nc5 Bc8 47. Kd4 f5 $1 (47... Kg6 $2 48. Kd5 Kxh6 (48... f5 49. Kc6 f4 50. Nd3 f3 51. Ne5+ Kxh6 52. Nxf3 $18) 49. Kc6 Bh3 50. Nxa6 f5 51. b5 f4 52. Nc5 Bf5 53. Kxc7 Bc2 54. Nd7 Kg5 55. Ne5 Kf5 56. b6 Kxe5 57. b7 f3 58. b8=Q $18) (47... c6 $2 48. Ne4 Kg6 49. h7 Kxh7 50. Nxf6+ Kg7 51. Ne8+ Kf8 52. Nc7 Ke7 53. Kc5 Kd7 54. Kb6 $18) 48. Kd5 Kg8 49. Kc6 f4 {and Black's counterplay should be enough for a draw. und das schwarze Gegenspiel sollte zum Remis reichen.}) 44... Kf7 45. Nc5 Bf1 (45... Bc4 46. h7 Kg7 47. Kf5 $18) 46. h7 Kg7 47. Ne6+ Kxh7 48. Kf5 $18) 42. Ke3 Bf1 (42... Bc4 43. Kd4 Bb3 44. Nb8 $18) 43. h6 Kf6 44. Ne5 Bb5 45. Kd4 Ba4 ({After Nach} 45... Be8 46. Kc5 {Black is in zugzwang, because ist Schwarz in Zugzwang, weil} Kxe5 {fails to an} 47. h7 {scheitert.}) 46. h7 Kg7 47. Nxf7 Kxh7 48. Ng5+ Kg6 49. Ne6 {...and Jakovenko resigned because sooner or later he will lose both pawns. ...und Jakovenko gab auf, weil er früher oder später beide Bauern verliert.} 1-0

[Event "Dortmund SuperGM 37th"]
[Site "Dortmund"]
[Date "2009.07.06"]
[Round "5"]
[White "Carlsen, Magnus"]
[Black "Naiditsch, Arkadij"]
[Result "1-0"]
[WhiteElo "2772"]
[BlackElo "2697"]
[Annotator "Mueller,Karsten"]
[PlyCount "119"]
[EventDate "2009.07.02"]
[EventType "tourn"]
[EventRounds "10"]
[EventCountry "GER"]
[EventCategory "20"]
[SourceTitle "CBM 131"]
[Source "ChessBase"]
[SourceDate "2009.07.15"]
[SourceVersion "1"]
[SourceVersionDate "2009.07.15"]
[SourceQuality "1"]

1. e4 e5 2. Nf3 Nc6 3. Bb5 Nf6 4. O-O Nxe4 5. d4 Nd6 6. Bxc6 dxc6 7. dxe5 Nf5 8. Qxd8+ Kxd8 9. Nc3 h6 10. h3 Ne7 11. Bf4 ({RR} 11. Be3 Ke8 12. Rad1 Bd7 13. a3 Rd8 14. Rfe1 a6 15. Ne4 Bf5 16. Nc5 Rxd1 17. Rxd1 Bc8 18. Nd3 Ng6 19. Nf4 Nxf4 20. Bxf4 Be7 21. Nd4 Bc5 22. Be3 Bxd4 23. Rxd4 Ke7 24. f3 Rd8 25. Rxd8 Kxd8 {Anand,V (2817)-Carlsen,M (2823) Sao Paulo/Bilbao 2011 ½-½}) 11... Ng6 12. Bg3 ({RR} 12. Bh2 Be6 13. Nd4 Bc5 14. Nxe6+ fxe6 15. Ne4 Be7 16. f4 Ke8 17. g4 Nh4 18. f5 exf5 19. gxf5 Rf8 20. f6 gxf6 21. exf6 Bd6 22. Nxd6+ cxd6 23. Rae1+ Kf7 24. Re7+ Kg6 25. Rg7+ Kh5 26. f7 Rad8 {Csonka,B (2473)-Minko,D (2247) chess.com INT 2025 1-0}) 12... Ke8 13. Rad1 Bb4 $146 ({RR} 13... Be7 14. Nd4 h5 15. e6 Bxe6 16. Nxe6 fxe6 17. Bxc7 Rc8 18. Bd6 Rd8 19. Ne4 b6 20. Rfe1 Bxd6 21. Rxd6 Rxd6 22. Nxd6+ Ke7 23. Nf5+ Kf6 24. Ng3 h4 25. Ne4+ Kf5 26. Nd6+ Kf6 27. Rd1 Nf4 28. Ne4+ {Guseinov,G (2645)-Maze,S (2614) Porticcio 2017 ½-½ (63)}) 14. Ne2 h5 15. Ned4 h4 16. Bh2 Nf8 17. Bf4 Bd7 18. Bg5 Be7 19. Rfe1 c5 20. e6 $1 {[%mdl 32] A strong opening up of the position by Magnus Carlsen in a way typical for the position. On account of his lead in development and the poor coordination of the black pieces, he gets dangerous compensation. Eine starke Stellungsöffnung von Magnus Carlsen in stellungstypischer Manier. Er erhält aufgrund seines Entwicklungsvorsprungs und der schlechten schwarzen Koordination gefährliche Kompensation.} (20. Bxe7 $6 Kxe7 21. Nb3 Ne6 {achieves nothing for White. bringt Weiß nichts ein.}) 20... fxe6 (20... Nxe6 $2 21. Nf5 $16) (20... Bxe6 $2 21. Nb5 $16) 21. Bxe7 Kxe7 22. Nf5+ Kf6 23. Ne3 Be8 24. Ng4+ Ke7 25. Nge5 Bg6 26. Rd5 {A spectacular move. Ein spektakulärer Zug.} ({However, I prefer the alternative Mir gefällt allerdings die Alternative} 26. Re3 $36 {. noch etwas besser.}) 26... b6 27. Rd2 Bf5 28. Ng5 Kf6 29. f4 Ng6 $2 ({The prophylactic Das prophylaktische} 29... Re8 {was safer. war sicherer.}) 30. Nd7+ Ke7 31. Nxe6 $2 {After this, White cannot count on any hope of winning against good defence. Danach kann Weiß gegen gute Verteidigung keine Gewinnhoffnungen mehr hegen.} (31. Rd5 $1 Rhe8 32. b3 $36 {would have left Black in a very uncomfortable situation. hätte Schwarz in eine sehr unbequeme Lage gebracht.}) 31... Bxe6 32. f5 Nf4 33. fxe6 Rhd8 $1 ({It is not necessary to go in for Es gibt keine Notwendigkeit, sich auf} 33... Nxe6 $6 34. Ne5 Rh6 35. Ng4 Rg6 36. Ne3 Kf7 37. Nf5 {. einzulassen.}) 34. Rf2 g5 35. Kh2 a5 (35... Nxe6 $2 36. Ne5 $16) 36. a4 Rg8 37. Ne5 Rae8 $1 {[%mdl 256] A strong defensive move which makes it clear that the e-pawn will fall without one of the white rooks being able to penetrate. Ein starker Verteidigungszug, der klarstellt, dass der e-Bauer fallen wird, ohne dass einer der weißen Türme eindringen kann.} (37... Nxe6 $2 38. Rf7+ Ke8 39. Rh7 $18) (37... Kxe6 $2 38. Ng6+ Kf5 39. Ne7+ $18) 38. Nf3 Nxe6 39. Re5 Kd6 40. Rd2+ Kc6 41. Rde2 Kd6 $2 {Just after the time control. Naiditsch makes the decisive mistake. Kurz nach der Zeitkontrolle begeht Naiditsch den entscheidenden Fehler.} ({He should content himself with the draw after Er sollte sich mit} 41... Kd7 $1 42. Rd2+ Kc6 43. Rde2 {. und remis zufrieden geben.}) 42. Nxg5 $1 $16 Ng7 43. Rxe8 Rxe8 44. Rxe8 Nxe8 45. Nf3 c4 46. Nxh4 c3 $2 {This deprives Black of many chances for counterplay and bnreakthrough. In addition, all White has to worry about now is the weak c2-pawn. Dies nimmt Schwarz viele Gegenspiel und Durchbruchsmöglichkeiten. Außerdem muss sich Weiß nun nur noch um den schwachen Bauern c2 kümmern.} (46... Ke5 {offered better practical chances, but should also lose in the long run, e.g.: bot bessere praktische Chancen, sollte aber langfristig ebenfalls verlieren, z.B.} 47. Nf3+ (47. Kg3 $6 Ke4 48. Kf2 b5) 47... Kf4 48. c3 Nd6 49. Nd2 Ke3 (49... c6 50. h4 Kg4 51. g3 b5 52. Kg2 $16) 50. Nb1 Kf4 51. Na3 c6 52. g3+ Ke4 53. h4 b5 54. h5 Kf5 55. g4+ Kg5 56. Kg2 $16) 47. b3 Kc5 48. Nf5 Kb4 49. g4 Ka3 50. Kg3 Kb2 51. Ne3 {... and it is obvious that the white passed pawns will decide the day.: ... und es ist klar, dass die weißen Freibauern den Tag entscheiden werden:} Kc1 52. Kf3 Kd2 53. h4 Ng7 54. h5 Ne6 55. h6 c6 56. Ke4 b5 57. Ke5 Ng5 58. Kf5 Nf7 59. h7 Kxe3 60. g5 1-0